Sports Quiz

Random Sports or WWE Quiz

Débutant - Général (WWE) Quiz Stats

 Plays Quiz not verified by Sporcle

Score 0/10 Timer 20:00
0 Plays Today
Question Answer Wrong Answers
Quels étaient les trois membres du Shield ? ???
98.5%
???
0.4%
???
0.2%
???
0.1%
Comment s’appelait l’équipe composée de Kane et de Daniel Bryan ? ???
95.6%
???
0.7%
???
2.3%
???
1%
Que voulait dire WWF ? ???
94.5%
???
0.5%
???
1.1%
???
3.3%
Quel est le nom de la musique de John Cena ? ???
92.6%
???
1.2%
???
2.9%
???
2.6%
Que veut dire WWE ? ???
88.5%
???
10%
???
0.5%
???
0.7%
Kevin Owens vient du Canada, mais de quelle province ? ???
78.5%
???
5.4%
???
11%
???
5%
Quel était le type de match pour Jeff Hardy et CM Punk lors du Main Event de SummerSlam 2009 ? ???
74.5%
???
5.8%
???
13.3%
???
6.4%
Qui a présenté la nouvelle ceinture féminine de la WWE à WrestleMania 32 ? ???
71.2%
???
7.8%
???
18.4%
???
2%
Qui a été la première participante du match Royal Rumble ? ???
62.6%
???
24%
???
9.4%
???
3.7%
Le 3 avril 2017, qui a présenté le nouveau Manager Général de RAW ? ???
53.7%
???
23.3%
???
17.5%
???
4.9%

You're not logged in!

Compare scores with friends on all Sporcle quizzes.
OR
Log In

Sporcle TV

Today on Sporcle TV


Watch our educational content, quiz creation guides, and fun videos on Sporcle TV.

Show Comments

Extras

Created Aug 30, 2017ReportNominate
Tags:WWE Quiz, catch, debutant

Top Quizzes Today


Score Distribution

Your Account Isn't Verified!

In order to create a playlist on Sporcle, you need to verify the email address you used during registration. Go to your Sporcle Settings to finish the process.

Report this User

Report this user for behavior that violates our Community Guidelines.

Details: